[Event "Kaspersky op U16"]
[Site "Tornelo INT"]
[Date "2021.04.02"]
[Round "11"]
[White "Preobrazhenskaya, Diana"]
[Black "Sawalakhe, Jay"]
[Result "1-0"]
[WhiteElo "1589"]
[BlackElo "1345"]
[PlyCount "127"]
[EventDate "2021.04.02"]
[EventType "swiss (blitz)"]
[EventRounds "11"]
[EventCountry "RUS"]
[SourceTitle "CBM 201 Extra"]
[Source "ChessBase"]
[SourceDate "2021.05.31"]
[SourceVersion "1"]
[SourceVersionDate "2021.05.31"]
[SourceQuality "1"]

1. e4 c5 2. Nf3 e6 3. c3 Nf6 4. e5 Nd5 5. d4 cxd4 6. cxd4 d6 7. Nc3 Be7 8. Nxd5 exd5 9. Bd3 0-0 10. 0-0 h6 11. Bb1 dxe5 12. dxe5 Bg5 13. Nxg5 hxg5 14. Qh5 g6 15. Qh6 Qe7 16. Re1 Qb4 17. Rf1 Qh4 18. Bxg5 Qxh6 19. Bxh6 Re8 20. f4 Nc6 21. Rd1 Be6 22. Bg5 Rac8 23. Bd3 a6 24. a3 Nd4 25. Bh4 Bg4 26. Rdc1 Nb3 27. Rxc8 Rxc8 28. Re1 Nc5 29. Bb1 d4 30. Bf2 Rd8 31. h3 Be6 32. Rd1 Nb3 33. Bc2 d3 34. Rxd3 Rxd3 35. Bxd3 Nc1 36. Bf1 Kf8 37. g4 Ke8 38. Be3 Nb3 39. Kf2 Kd7 40. Bd3 Na5 41. f5 Bc4 42. Bc2 gxf5 43. gxf5 Bd5 44. h4 Nc4 45. Bd4 f6 46. e6+ Ke7 47. h5 Ne5 48. Bxe5 fxe5 49. h6 Kf6 50. h7 Kg7 51. f6+ Kh8 52. e7 Bf7 53. Ke3 b5 54. Bf5 a5 55. Ke4 b4 56. axb4 axb4 57. Kxe5 b3 58. Be6 Bg6 59. f7 Bxf7 60. Bxf7 Kxh7 61. e8Q Kh6 62. Kf6 Kh7 63. Bg6+ Kh6 64. Qh8# 1-0

[Event "Kaspersky op U16"]
[Site "Tornelo INT"]
[Date "2021.04.02"]
[Round "2"]
[White "Sawalakhe, Jay"]
[Black "Prokofiev, Valentyn"]
[Result "0-1"]
[WhiteElo "1345"]
[BlackElo "2104"]
[PlyCount "142"]
[EventDate "2021.04.02"]
[EventType "swiss (blitz)"]
[EventRounds "11"]
[EventCountry "RUS"]
[SourceTitle "CBM 201 Extra"]
[Source "ChessBase"]
[SourceDate "2021.05.31"]
[SourceVersion "1"]
[SourceVersionDate "2021.05.31"]
[SourceQuality "1"]

1. Nf3 Nf6 2. g3 b6 3. Bg2 Bb7 4. 0-0 e6 5. d4 Be7 6. c4 0-0 7. Nc3 Ne4 8. Qc2 Nxc3 9. bxc3 f5 10. Nd2 Bxg2 11. Kxg2 c5 12. e4 Qc7 13. exf5 exf5 14. Re1 d6 15. Nf3 Nc6 16. d5 Ne5 17. Nxe5 dxe5 18. f4 e4 19. Be3 Qd6 20. Rad1 Bf6 21. Bc1 Rad8 22. Re3 Kh8 23. Qe2 Rg8 24. h4 Qe7 25. Rh1 g6 26. g4 h5 27. g5 Bg7 28. Rd1 Rd6 29. Rd2 Rb8 30. a4 Qd7 31. Qd1 Kh7 32. Qb3 a6 33. Ba3 Qc7 34. Rb2 Rdd8 35. Rd2 Qxf4 36. Rde2 Be5 37. Qc2 Qh2+ 38. Kf1 Qh1+ 39. Kf2 Qxh4+ 40. Kg2 Qh2+ 41. Kf1 Qh1+ 42. Kf2 h4 43. Qc1 Bg3+ 44. Rxg3 hxg3+ 45. Kxg3 Qxc1 46. Rh2+ Kg7 47. Bxc1 Rh8 48. Rg2 Rbe8 49. Bf4 e3 50. Re2 Rh1 51. Bxe3 Kf7 52. Kg2 Ra1 53. d6 Rd1 54. Rd2 Rxd2+ 55. Bxd2 Re4 56. Kf3 Ke6 57. a5 bxa5 58. Bf4 a4 59. Bc1 Rxc4 60. Ba3 Rxc3+ 61. Kf4 Rxa3 62. d7 Kxd7 63. Ke5 Re3+ 64. Kf4 Re4+ 65. Kf3 a3 66. Kg3 a2 67. Kf3 a1Q 68. Kf2 Qe1+ 69. Kf3 Qe2+ 70. Kg3 Rg4+ 71. Kh3 Qg2# 0-1